000 00633nam a2200193Ia 4500
003 OSt
005 20251008111842.0
008 220923b |||||||| |||| 00| 0 eng d
037 _cReference
040 _aRTL
_cRTL
_beng
041 _2eng
_aeng
084 _aU287:75.2.N95, N5/SC
_qRTL
100 _aGuha G.S.
_9232172
245 0 _aAgro-climatic regional planning project planning commission : a profile.
260 _aAllahabad
_bACRP
_c1995
300 _a31 p.
_ccm.
_bIncludes bibliographical references and index.
942 _hU287:75.2.N95, N5/SC
_cREF
_2CC
_n0
999 _c476349
_d476349